| Tag |
First Indicator |
Second Indicator |
Subfields |
| LEADER |
00000cam a2200000 a 4500 |
| 001 |
in00002351921 |
| 005 |
20151108063709.0 |
| 008 |
070427m20079999gw a b 001 0 eng |
| 020 |
|
|
|a 9783527315567 (v. 1)
|
| 020 |
|
|
|a 352731556X (v. 1)
|
| 020 |
|
|
|a 9783527315574 (v. 2)
|
| 020 |
|
|
|a 3527315578 (v. 2)
|
| 020 |
|
|
|a 9783527315581 (v. 3)
|
| 020 |
|
|
|a 3527315586 (v. 3)
|
| 020 |
|
|
|a 9783527315598 (v. 4)
|
| 020 |
|
|
|a 3527315594 (v. 4)
|
| 020 |
|
|
|a 9783527315604 (v. 5)
|
| 020 |
|
|
|a 3527315608 (v. 5)
|
| 020 |
|
|
|a 9783527315543 (v. 1-5)
|
| 020 |
|
|
|a 3527315543 (v. 1-5)
|
| 035 |
|
|
|a (OCoLC)ocn124026648
|
| 040 |
|
|
|a UKM
|c UKM
|d GZM
|d UtOrBLW
|
| 049 |
|
|
|a TXAM
|
| 082 |
0 |
|
|a 660.28426
|2 22
|
| 090 |
|
|
|a TP363
|b .M63 2007
|
| 245 |
0 |
0 |
|a Modern drying technology /
|c edited by Evangelos Tsotsas and Arun S. Mujumdar.
|
| 264 |
|
1 |
|a Weinheim :
|b Wiley-VCH,
|c [2007-]
|
| 264 |
|
4 |
|c ©2007-
|
| 300 |
|
|
|a 5 volumes :
|b illustrations ;
|c 25 cm.
|
| 336 |
|
|
|a text
|b txt
|2 rdacontent
|
| 337 |
|
|
|a unmediated
|b n
|2 rdamedia
|
| 338 |
|
|
|a volume
|b nc
|2 rdacarrier
|
| 504 |
|
|
|a Includes bibliographical references and index.
|
| 505 |
0 |
|
|a v. 1. Computational tools at different scales -- v. 2. Experimental techniques -- v. 3. Product quality and formulation -- v. 4. energy savings -- v. 5. Process intensification.
|
| 650 |
|
0 |
|a Drying.
|
| 700 |
1 |
|
|a Tsotsas, Evangelos.
|
| 700 |
1 |
|
|a Mujumdar, Arun S.
|
| 945 |
|
|
|a PromptCat
|
| 946 |
|
|
|a stk
|
| 947 |
|
|
|a A14836536696
|
| 948 |
|
|
|a cataloged
|b h
|c 2008/1/17
|d c
|e dmitchel
|f 12:44:26 pm
|
| 994 |
|
|
|a 92
|b TXA
|
| 999 |
|
|
|a MARS
|
| 999 |
f |
f |
|s f230c81b-c513-3744-a897-9485b9e33c1a
|i 799c119d-5f45-37df-840d-1d998ddfbd67
|t 0
|
| 952 |
f |
f |
|p ric
|a Texas A&M University
|b Rellis Campus
|c Joint Library Facility
|d Remote Storage
|t 0
|e TP363 .M63 2007
|h Library of Congress classification
|i unmediated -- volume
|k v.2
|m A14839796033
|
| 952 |
f |
f |
|p ric
|a Texas A&M University
|b Rellis Campus
|c Joint Library Facility
|d Remote Storage
|t 0
|e TP363 .M63 2007
|h Library of Congress classification
|i unmediated -- volume
|k v.1
|m A14836536696
|
| 998 |
f |
f |
|a TP363 .M63 2007
|s v.1-2
|t 0
|l Remote Storage
|